Building bridges (Record no. 225143)
[ view plain ]
| 000 -LEADER | |
|---|---|
| fixed length control field | 01845nam a2200361 a 4500 |
| 082 04 - DEWEY DECIMAL CLASSIFICATION NUMBER | |
| Classification number | 027.7 |
| 100 1# - MAIN ENTRY--AUTHOR NAME | |
| Personal name | McAdoo, Monty L. |
| 245 10 - TITLE STATEMENT | |
| Title | Building bridges |
| 260 ## - PUBLICATION, DISTRIBUTION, ETC. (IMPRINT) | |
| Place of publication | Chicago : |
| Name of publisher | American Library Association, |
| Year of publication | 2010. |
| 300 ## - PHYSICAL DESCRIPTION | |
| Number of Pages | x, 163 p. |
| 505 0# - FORMATTED CONTENTS NOTE | |
| Formatted contents note | Information literacy and the need for effective assignments -- Working with faculty and the curriculum -- Common reasons assignments can fail -- Using information technology -- Writing-from-sources and essay assignments -- Term/research papers -- Citing sources and information ethics -- Assignments in the online environment -- Tours -- Scavenger hunts -- In the classroom -- In the library -- Some final words. |
| 650 #0 - SUBJECT ADDED ENTRY--TOPICAL TERM | |
| Topical Term | Academic libraries |
| Topical Term | Information literacy |
| Topical Term | Library orientation for college students. |
| Topical Term | College teaching. |
| Topical Term | Libraries and students. |
| 856 40 - ELECTRONIC LOCATION AND ACCESS | |
| Uniform Resource Identifier | http://site.ebrary.com/lib/rucke/Doc?id=10482273 |
No items available.
